Statistics for Slipknot Charting Songs (Billboard Hot Rock)

Click here to take the quiz!

General Stats

  • This quiz has been taken 91 times
    (45 since last reset)
  • The average score is 9 of 21

Answer Stats

AlbumWeeks OnPeakArtist(s)Song% Correct
We Are Not Your Kind24 Weeks#4SlipknotUnsainted
87%
.5: The Gray Chapter20 Weeks#12SlipknotThe Devil in I
84%
We Are Not Your Kind16 Weeks#11SlipknotNero Forte
74%
All Hope Is Gone27 Weeks#6SlipknotSnuff
68%
.5: The Gray Chapter5 Weeks#31SlipknotKillpop
52%
Non-Album Single15 Weeks#15SlipknotAll Out Life
48%
We Are Not Your Kind8 Weeks#8SlipknotSolway Firth
48%
All Hope is Gone2 Weeks#25SlipknotDead Memories
42%
We Are Not Your Kind1 Week#30SlipknotRed Flag
42%
The End, So Far3 Weeks#27SlipknotThe Dying Song (Time To Sing)
42%
The End, So Far2 Weeks#37SlipknotYen
42%
We Are Not Your Kind2 Weeks#19SlipknotCritical Darling
39%
We Are Not Your Kind1 Week#39SlipknotInsert Coin
39%
The End, So Far1 Week#19SlipknotThe Chapeltown Rag
39%
We Are Not Your Kind1 Week#28SlipknotOrphan
35%
We Are Not Your Kind1 Week#34SlipknotSpiders
35%
We Are Not Your Kind1 Week#38SlipknotA Liar's Funeral
32%
We Are Not Your Kind4 Weeks#14SlipknotBirth of the Cruel
29%
.5: The Gray Chapter6 Weeks#21SlipknotThe Negative One
26%
We Are Not Your Kind1 Week#40SlipknotDeath Because of Death
23%
We Are Not Your Kind1 Week#43SlipknotNot Long For This World
16%

Score Distribution

Percentile by Number Answered

Percent of People with Each Score

Your Score History

You have not taken this quiz since the last reset